Languages Most Similar to Latin - Statistics

General Stats
  • This quiz has been taken 744 times
  • The average score is 6 of 10
Answer Stats
Index Language % Correct
20,5 Italian
99%
25,0 Spanish
99%
33,5 French
97%
23,4 Portuguese
93%
41,4 Romanian
85%
24,9 Catalan
65%
34,0 Romansh
45%
49,4 Swedish
19%
42,6 Norwegian
17%
46,0 Lithuanian
11%
No matching quizzes found
Score Distribution
Percent of People with Each Score
Percentile by Number Answered
Your Score History
You have not taken this quiz